00496 2200205 4500001002100000005001500021035002000036008004100056245004900097100001900146250000600165260003600171300001100207084001400218082000800232650001400240990001200254990001200266990001200278INLIS00000000000029020240503081211 a0010-0424000266240503 0 ind 1 aNabi Muhammad S.A.W Idolaku /cKhabib Basori aBasori, Khabib a1 aJakarta :bCempaka Putih,c2015 a68 hlm a200 KHA n a200 4aNon Fiksi a0728820 a0728821 a0728822